La mutación religiosa de América Latina : Para una sociología del cambio social en la modernidad periférica / Jean-Pierre Bastian (Registro nro. 46167)
[ vista simple ]
| 000 -LÍDER | |
|---|---|
| Campo fijo de descripción fija | 009750000a22002050004500 |
| 020 ## - NÚMERO INTERNACIONAL NORMALIZADO PARA LIBROS | |
| Número Internacional Normalizado del libro | 978-968-16-5021-6 |
| 082 04 - NÚMERO DE CLASIFICACIÓN DECIMAL DEWEY | |
| Número de clasificación | G 306.6 B3261m |
| 001 - NÚMERO DE CONTROL | |
| Campo de control | 19806 |
| 100 1# - ASIENTO PRINCIPAL--NOMBRE PERSONAL | |
| Nombre personal | Bastian, Jean-Pierre |
| 245 10 - TÍTULO | |
| Título del Material | La mutación religiosa de América Latina : Para una sociología del cambio social en la modernidad periférica / Jean-Pierre Bastian |
| 260 ## - PUBLICACIÓN, DISTRIBUCIÓN, ETC. (PIE DE IMPRENTA) | |
| Lugar de publicación, distribución, etc. | México : Fondo de Cultura Económica |
| 300 ## - DESCRIPCIÓN FÍSICA | |
| Extensión | 230 páginas |
| 336 ## - CONTENT TYPE | |
| Content type term | texto |
| Content type code | txt |
| Source | rdacontent |
| 337 ## - MEDIA TYPE | |
| Source | rdamedia |
| Media type term | sin mediación |
| Media type code | n |
| 338 ## - CARRIER TYPE | |
| Source | rdacarrier |
| Carrier type term | volumen |
| Carrier type code | nc |
| 501 ## - NOTA DE “CON” | |
| Nota de Contenido | rústico |
| 505 00 - NOTA DE CONTENIDO | |
| Nota de contenido con formato preestablecido | La cuestión religiosa en la modernidad latinoamericana -- Las cifras y la geografía del cambio ideológico -- Las causas de la mutación -- La transformación religiosa en el campo -- Los nuevos movimientos religiosos urbanos -- Los efectos de la mutación religiosa -- El sentido de la mutación: religión, desarrollo, catolicismo |
| 942 ## - TIPO DE MATERIAL (KOHA) | |
| Tipo de Item KOHA | Libros General |
| Estado de Material | Estado de Perdido | Estado de Dañado | No para Préstamo | Colección | Tomo | Biblioteca de Origen | Biblioteca Permanente | Fecha de Adquisición | Total de Préstamos | Signatura Topográfica | Código de Barras | Última vez visto | Última vez Préstado | Ejemplar/Existencia | Fecha de Remplazo | Tipo de Material |
|---|---|---|---|---|---|---|---|---|---|---|---|---|---|---|---|---|
| Colección General | Biblioteca FUSBC | Biblioteca FUSBC | 15/05/2015 | 1 | G 306.6 B3261m | 19882 | 02/07/2025 | 13/05/2019 | 1 | 26/01/2016 | Libros General |
